Statistics for 4-Letter History Chain #1

Click here to take the quiz!

General Stats

  • This quiz has been taken 62,745 times
  • The average score is 18 of 27

Answer Stats

HintAnswer% Correct
King of the Greek godsZeus
89%
Herod, Midas, or Henry, e.g.King
88%
Emperor when Rome burnedNero
87%
Canal seized by Egypt in 1956Suez
85%
Chinese dynasty 1368–1644Ming
78%
The USSR and pals: Eastern ____Bloc
77%
Hollywood crime genre: Film ____Noir
77%
Former name of ThailandSiam
77%
Norse god who Wednesday is named forOdin
76%
Former currency of ItalyLira
75%
British conservative partyTory
73%
Group of Scottish kinsmenClan
71%
English translation of PanzerTank
67%
Rich man's diseaseGout
66%
English noble rankEarl
64%
Territory that the U.S. took from Spain in 1898Guam
64%
High noble rankDuke
62%
Person of ancient Gaul or the British IslesCelt
60%
A lengthy narrative poemEpic
59%
Jason's shipArgo
58%
Alexander cut the Gordian ____Knot
54%
Old fashioned way of saying youThee
54%
Medieval torture deviceRack
53%
Harness that connects two oxenYoke
52%
Roman poet who wrote "Metamorphoses"Ovid
40%
Greek goddess of discordEris
28%
Neighbor of ancient IsraelMoab
17%

Score Distribution

Percentile by Number Answered

Percent of People with Each Score

Your Score History

You have not taken this quiz